ระบบห้องสมุดอัตโนมัติ ULibM
วิทยาลัยพยาบาลบรมราชชนนี พระพุทธบาท
เปลี่ยนเป็นภาษาไทย

Change to English
 แสดงรายละเอียดบรรณานุกรม
  กลับหน้าหลัก

Brief Record : Get Marc (ISO 2709) : E-mail record : QR code ปิดหน้าต่าง
E-books : เกี่ยวกับ Collections
LEADER 00000nam 2200000uu 4500
001    13399123899
003     ULIBM
008    160156s2555 th a 000 0 tha d
020    9786163052629
100    นิพนธ์ วีระธรรมมานนท์ / ผู้เรียบเรียง
245    กินเป็น ลืมป่วย รวมเล่ม 1 + เล่ม 2
250    พิมพ์ครั้งที่ 1
260    กรุงเทพฯ :^bรุ่งเรืองวิริยะพัฒนาโรงพิมพ์,^c2555
300    72 หน้า
650    อาหาร^xสมุนไพรไทย
700 0  สุทธิวัสส์ คำภา, ผู้บรรยาย
945    ^p60^l0^i017906
945    ^p60^l0^i017907
945    ^p60^l0^i017908
945    ^p60^l0^i017909
945    ^p60^l0^i017910
945    ^p60^l0^i017911
945    ^p60^l0^i017912
945    ^p60^l0^i017913
945    ^p60^l0^i017914
945    ^p60^l0^i017915
945    ^p60^l0^i017916
945    ^p60^l0^i017917
945    ^p60^l0^i017918
945    ^p60^l0^i017919
945    ^p60^l0^i017920
945    ^p60^l0^i017921
945    ^p60^l0^i017922
945    ^p60^l0^i017923
945    ^p60^l0^i017924
945    ^p60^l0^i017925
945    ^p60^l0^i017926
945    ^p60^l0^i017927
945    ^p60^l0^i017928
945    ^p60^l0^i017929
945    ^p60^l0^i017930
999    ^aน.ส.สุพรรษา เริงรื่น
รายการนี้ยังไม่มีแท็ก
คุณยังไม่ได้ล็อกอิน คุณสามารถมีกิจกรรมร่วมกับเว็บไซต์ได้ แต่ต้องล็อกอินก่อน ::
  ล็อกอิน
ลำดับที่ ประเภท เลขเรียก สถานที่ สถานะ
1.
WB400 น617ก 2555 ล.2 
  
วิทยาลัยพยาบาลบรมราชชนนี พระพุทธบาท
►หนังสือทั่วไป
On Shelf
2.
WB400 น617ก 2555 ล.2 ฉ.2 
  
วิทยาลัยพยาบาลบรมราชชนนี พระพุทธบาท
►หนังสือทั่วไป
On Shelf
3.
WB400 น617ก 2555 ล.2 ฉ.3 
  
วิทยาลัยพยาบาลบรมราชชนนี พระพุทธบาท
►หนังสือทั่วไป
On Shelf
4.
WB400 น617ก 2555 ล.2 ฉ.4 
  
วิทยาลัยพยาบาลบรมราชชนนี พระพุทธบาท
►หนังสือทั่วไป
On Shelf
5.
WB400 น617ก 2555 ล.2 ฉ.5 
  
วิทยาลัยพยาบาลบรมราชชนนี พระพุทธบาท
►หนังสือทั่วไป
On Shelf
6.
WB400 น617ก 2555 ล.2 ฉ.6 
  
วิทยาลัยพยาบาลบรมราชชนนี พระพุทธบาท
►หนังสือทั่วไป
On Shelf
7.
WB400 น617ก 2555 ล.2 ฉ.7 
  
วิทยาลัยพยาบาลบรมราชชนนี พระพุทธบาท
►หนังสือทั่วไป
On Shelf
8.
WB400 น617ก 2555 ล.2 ฉ.8 
  
วิทยาลัยพยาบาลบรมราชชนนี พระพุทธบาท
►หนังสือทั่วไป
On Shelf
9.
WB400 น617ก 2555 ล.2 ฉ.9 
  
วิทยาลัยพยาบาลบรมราชชนนี พระพุทธบาท
►หนังสือทั่วไป
On Shelf
10.
WB400 น617ก 2555 ล.2 ฉ.10 
  
วิทยาลัยพยาบาลบรมราชชนนี พระพุทธบาท
►หนังสือทั่วไป
On Shelf
11.
WB400 น617ก 2555 ล.2 ฉ.11 
  
วิทยาลัยพยาบาลบรมราชชนนี พระพุทธบาท
►หนังสือทั่วไป
On Shelf
12.
WB400 น617ก 2555 ล.2 ฉ.12 
  
วิทยาลัยพยาบาลบรมราชชนนี พระพุทธบาท
►หนังสือทั่วไป
On Shelf
  1 2 3 [3]   [แสดง 12/25 รายการ]

Bib 13399123899